| 000 | 00728nam a2200169Ia 4500 | ||
|---|---|---|---|
| 008 | 150610s9999 xx 000 0 und d | ||
| 020 | _a9780061239823 (trade bdg.) | ||
| 050 |
_aQE523 _b.K73Z56 2007 |
||
| 100 | _aZimmerman, Dwight Jon | ||
| 245 | 4 |
_aThe day the world exploded : _bthe earthshaking catastrophe at Krakatoa / _cSimon Winchester ; adaptation by Dwight Jon Zimmerman ; [illustrated by Jason Chin]. |
|
| 250 | _a1st ed. | ||
| 260 |
_aNew York : _bCollins, _c2007. |
||
| 300 |
_a96pages : _bill. (some col.), maps ; _c27 cm. |
||
| 504 | _aIncludes bibliographical references (p. 95) and index. | ||
| 520 | _aJuvenile literature. | ||
| 650 |
_aVolcanoes -- Indonesia -- History -- 19th century _xJuvenile literature. |
||
| 999 |
_c288207 _d288207 |
||